| 000 | 00607 a2200217 4500 | ||
|---|---|---|---|
| 008 | 230601b |||||||| |||| 00| 0 eng d | ||
| 020 | _a9781138908789 | ||
| 040 |
_aNLN _bEnglish _eAACR2 |
||
| 050 |
_aBD431 _b.B452 |
||
| 082 | _a128 | ||
| 100 |
_aBELSHAW, Christopher _eaut _918570 |
||
| 245 |
_aThe value and meaning of life / _cChristopher Belshaw |
||
| 260 |
_aNew York : _bRoutledge; _c2021 |
||
| 300 |
_a[iv], 257p. ; _b24cm. |
||
| 500 | _aIncludes bibliographical references | ||
| 563 | _a(pbk) | ||
| 650 |
_aLife _918801 |
||
| 650 |
_aImmortality _922334 |
||
| 650 |
_aValues _918437 |
||
| 942 | _cBK | ||
| 999 |
_c9433 _d9433 |
||